東大合格者数10人以上の高校(2024年) - Statistics

General Stats
  • This quiz has been taken 108 times
  • The average score is 46 of 75
Answer Stats
人数 所在地 学校名 % Correct
149 東京 開成
97%
17 東京 西
97%
94 兵庫
96%
64 千葉 渋谷教育学園幕張
89%
37 鹿児島 ラ・サール
88%
35 奈良 東大寺学園
88%
60 東京 日比谷
85%
44 埼玉 浦和
85%
36 東京 筑波大学附属
84%
100 神奈川 聖光学院
81%
90 東京 筑波大学附属駒場
80%
44 神奈川 横浜翠嵐
79%
71 奈良 西大和学園
77%
38 愛知 東海
77%
21 栃木 宇都宮
77%
21 千葉 千葉
77%
15 富山 富山中部
77%
55 東京 麻布
76%
37 福岡 久留米大学附設
76%
17 宮城 仙台第二
75%
12 静岡 静岡
75%
14 熊本 熊本
73%
63 東京 桜蔭
72%
26 東京 武蔵
72%
20 大阪 北野
72%
19 埼玉 大宮
72%
12 京都 洛南
71%
21 石川 金沢泉丘
69%
43 東京 渋谷教育学園渋谷
68%
21 千葉 船橋
68%
11 茨城 水戸第一
68%
47 神奈川 栄光学園
67%
45 神奈川 浅野
67%
16 静岡 浜松北
67%
13 岩手 盛岡第一
67%
11 北海道 札幌南
67%
18 福岡 修猷館
65%
10 三重 四日市
65%
28 愛知 旭丘
64%
27 兵庫 甲陽学院
64%
23 愛知 岡崎
64%
17 東京 国立
64%
10 山形 山形東
64%
44 東京 駒場東邦
63%
43 東京 早稲田
63%
20 神奈川 湘南
63%
16 茨城 土浦第一
63%
10 山口 山口
63%
49 東京 海城
60%
17 広島 広島学院
60%
14 大阪 大阪星光学院
60%
31 千葉 市川
59%
11 岡山 岡山朝日
59%
12 愛媛 愛光
56%
19 埼玉 栄東
55%
26 東京 女子学院
53%
18 東京
47%
12 東京 戸山
45%
16 兵庫 白陵
43%
16 東京 小石川
40%
21 東京 東京学芸大学附属
37%
10 愛知
37%
12 東京 桐朋
36%
10 福岡 筑紫丘
36%
12 愛知 時習館
33%
11 愛知 明和
32%
12 東京 本郷
29%
15 神奈川 洗足学園
28%
26 東京 豊島岡女子学園
27%
13 岡山 岡山大安寺
23%
10 兵庫 須磨学園
23%
11 神奈川 サレジオ学院
20%
10 千葉 東邦大学付属東邦
17%
11 東京 南多摩
3%
13 東京 鷗友学園女子
0%
No matching quizzes found
Score Distribution
Percent of People with Each Score
Percentile by Number Answered
Your Score History
You have not taken this quiz